000
00246nam a2200109Ia 4500
008
200302s9999 xx 000 0 und d
100
_a
Lesley Stevenson
245
_a
Gauguin
260
_b
Park Lane Books Ltd.
260
_c
1990
300
_a
176 P.,
999
_c
1294
_d
1294